MARC details
| 000 -LEADER |
| campo de control de longitud fija |
00654nam a22001937a 4500 |
| 001 - NÚMERO DE CONTROL |
| campo de control |
00028353 |
| 005 - FECHA Y HORA DE LA ÚLTIMA TRANSACCIÓN |
| campo de control |
20260226182821.0 |
| 008 - DATOS DE LONGITUD FIJA--INFORMACIÓN GENERAL |
| campo de control de longitud fija |
260226b ag ||||| |||| 00| 0 spa d |
| 040 ## - FUENTE DE CATALOGACIÓN |
| Centro catalogador/agencia de origen |
AR-CcCEOS |
| Lengua de catalogación |
Español; Castellano |
| Centro/agencia transcriptor |
AR-CcCEOS |
| 041 ## - CÓDIGO DE IDIOMA |
| Código de lengua del texto/banda sonora o título independiente |
Español; Castellano |
| 080 ## - NÚMERO DE LA CLASIFICACIÓN DECIMAL UNIVERSAL |
| Número de la Clasificación Decimal Universal |
820-3(73)"18" |
| 090 ## - LOCALMENTE ASIGNADO TIPO-LC NÚMERO DE CLASIFICACIÓN (OCLC); NÚMERO DE CLASIFICACIÓN LOCAL (RLIN) |
| Número cutter local (OCLC) ; Número de libro/Signatura topográfica íntegra, CALL (RLIN) |
DEL v.71 |
| 100 1# - ENTRADA PRINCIPAL--NOMBRE DE PERSONA |
| Nombre de persona |
Delgado, Darío, |
| Fechas asociadas al nombre |
1959- |
| 9 (RLIN) |
661 |
| 245 ## - MENCIÓN DEL TÍTULO |
| Título |
El cuento hispanoamericano del siglo XIX / |
| Mención de responsabilidad, etc. |
Darío Delgado, Riquel Díaz Rodríguez, Payró Gutierrez Nájera, Urbaneja C. Palma. |
| 264 ## - PRODUCCIÓN, PUBLICACIÓN, DISTRIBUCIÓN, FABRICACIÓN Y COPYRIGHT |
| Producción, publicación, distribución, fabricación y copyright |
Buenos Aires : |
| Nombre del de productor, editor, distribuidor, fabricante |
Centro Editor de America Latina, |
| Fecha de producción, publicación, distribución, fabricación o copyright |
c1978. |
| 300 ## - DESCRIPCIÓN FÍSICA |
| Extensión |
127 p. ; |
| Dimensiones |
19x13 cm. |
| 490 ## - MENCIÓN DE SERIE |
| Designación de volumen o secuencia |
Colección Biblioteca Total; 71 |
| 942 ## - ELEMENTOS DE ENTRADA SECUNDARIOS (KOHA) |
| Fuente de la clasificación o esquema de estantería |
Clasificación decimal universal |
| Tipo de ítem Koha |
Libros |
| Suprimir en OPAC |
No |